Normal view
MARC view
- Naval history, Modern
Entry Topical Term
001 - CONTROL NUMBER
- control field: 12101
003 - CONTROL NUMBER IDENTIFIER
- control field: NUST
005 - DATE AND TIME OF LATEST TRANSACTION
- control field: 20180730092009.0
008 - FIXED-LENGTH DATA ELEMENTS
- fixed length control field: 180730|| aca||aabn | a|a d
040 ## - CATALOGING SOURCE
- Original cataloging agency: NUST
- Transcribing agency: NUST
150 ## - HEADING--TOPICAL TERM
- Topical term or geographic name entry element: Naval history, Modern
- Chronological subdivision: 17th century
- Form subdivision: Fiction.
670 ## - SOURCE DATA FOUND
- Source citation: Work cat.: (NUST)174465: Crichton, Michael, 1942-2008. 12099, Pirate latitudes :, 2009.
